Club de Premier League sans voyelles - Statistiques

Statistiques générales
  • Ce quiz a été pris 96 fois
  • Le résultat moyen est 13 sur 20
Statistiques - réponses
Indices Club % Correct
MNCHSTR CT Manchester City
100%
LVRPL FC Liverpool FC
79%
TTTNHM HTSPR Tottenham Hotspur
78%
MNCHSTR NTD Manchester United
73%
CRSTL PLC Crystal Palace
72%
BRNTFRD FC Brentford FC
71%
CHLS FC Chelsea FC
71%
LDS NTD Leeds United
71%
NWCSTL NTD Newcastle United
71%
WST HM NTD West Ham United
71%
STN VLL Aston Villa
70%
FLHM FC Fulham FC
70%
NTTNGHM FRST Nottingham Forest
70%
RSNL FC Arsenal FC
63%
VRTN FC Everton FC
63%
BRNL FC Burnley FC
49%
WLVRHMPTN WNDRRS Wolverhampton Wanderers
43%
BRGHTN & HV LBN Brighton & Hove Albion
35%
SNDRLND FC Sunderland AFC
24%
FC BRNMTH AFC Bournemouth
23%
Aucun quiz correspondant
Distribution des résultats
% des personnes avec chaque résultat
Percentile par nombre de réponses
Votre historique - résultats
Vous n’avez pas pris ce quiz